MARC

LEADER 00000nam0a2200000 4500
001 296727
005 20231102000933.0
020 |a RU  |b 84-14876 
035 |a (RuTPU)RU\TPU\book\321835 
090 |a 296727 
100 |a 20150602d1984 k y0rusy5003 ca 
101 0 |a rus 
102 |a RU 
105 |a y z 100zy 
200 1 |a Проблемы дезинфекционного обслуживания крупных градостроительных объектов  |e тезисы Всесоюзной конференции., 28-29 февр. 1984 г., Москва  |f Всесоюзный научно-исследовательский институт дезинфекции и стерилизации Минздрава СССР ; под ред. П. П. Лярского 
210 |a Москва  |c [Б. и.]  |d 1984 
215 |a 194 с. 
606 1 |a Гигиена общественная  |2 stltpush  |3 (RuTPU)RU\TPU\subj\6449  |9 34331 
610 1 |a дезинфекционное дело 
610 1 |a города 
610 1 |a гигиена городов 
610 1 |a санитария 
610 1 |a борьба 
610 1 |a защита 
610 1 |a насекомые 
610 1 |a грызуны 
610 1 |a комары 
610 1 |a общественные здания 
610 1 |a больницы 
610 1 |a дезинфекция 
610 1 |a дезинфектанты 
610 1 |a детский организм 
610 1 |a блохи 
610 1 |a конференции 
675 |a 614(063)  |z rus  |v 4 
702 1 |a Лярский  |b П. П.  |g Петр Петрович  |4 340 
712 0 2 |a Всесоюзный научно-исследовательский институт дезинфекции и стерилизации Минздрава СССР  |2 stltpush  |3 (RuTPU)RU\TPU\col\21674 
712 1 2 |a Проблемы дезинфекционного обслуживания крупных градостроительных объектов  |c Всесоюзная конференция  |e Москва  |f 1984 
801 0 |a RU  |b RuMRKP  |c 19950704  |g psbo 
801 1 |a RU  |b 63413507  |c 20150602 
801 2 |a RU  |b 63413507  |c 20170726  |g RCR 
942 |c BK